000
00284nam a22001337a 4500
008
181011b xxu||||| |||| 00| 0 eng d
020
_a
0138295735
041
_a
eng
080
_a
616
100
_a
9
101
_a
PAT
245
_a
Speech Correction
_c
Riper, Ch.V
942
_2
udc
_c
BK
999
_c
49442
_d
49442